best movie sequels - Statistics

General Stats
  • This quiz has been taken 12 times
  • The average score is 6 of 15
Answer Stats
Hint Answer % Correct
(1980) sci fi/action the empire strikes back
91%
(1986) sci fi/action aliens
73%
(1991) sci fi/action terminator 2 judgment day
64%
(2008) crime the dark knight
55%
(1974) the godfather part 2
55%
(2022) action top gun maverik
55%
(2010) animated toy story 3
45%
(2018) sci fi/action avengers infinity war
36%
(2004) action spiderman 2
27%
(2014) sci fi/action captain america the winter soldier
18%
(1982) sci fi star trek 2
18%
(2014) sci fi/action dawn of the planet of the apes
9%
(1987) horror evil dead 2
9%
(1981) sci fi mad max 2
9%
(2017) action logan
0%
No matching quizzes found
Score Distribution
Percent of People with Each Score
Percentile by Number Answered
Your Score History
You have not taken this quiz